| 000 | 00668nam a22001935i 4500 | ||
|---|---|---|---|
| 001 | 156840 | ||
| 003 | ES-MaACL | ||
| 005 | 20230906210518.0 | ||
| 008 | 040805s1898 fr |||| | fre d | ||
| 040 |
_aCAM _bspa _cCAM |
||
| 100 | 1 |
_aLacombe, Paul. _969384 |
|
| 245 | 1 | 0 |
_aIntroduction a l'histoire littéraire / _cpar P. Lacombe. |
| 260 |
_aParis : _bLibrairie Hachette et c\pie\s, _c1898 ( _eCoulommiers : _fImp. Paul Brodard) |
||
| 300 |
_aVIII, 420 p. ; _c23 cm. |
||
| 594 | _aPrecede al tit.: De l'histoire considérée comme science. | ||
| 650 |
_aLiteratura- _xHistoria. _9222671 |
||
| 852 |
_aES-MaACL _jF-1446 _z-- Rust. deteriorada |
||
| 999 |
_c156840 _d156840 |
||